Country Caesar Cipher - 1 - Statistics

General Stats
  • This quiz has been taken 15 times
  • The average score is 4 of 10
Answer Stats
Hint Answer % Correct
Spain Spain
89%
Jhzfitw Ecuador
44%
Jdbcajurj Australia
33%
Otuxq Chile
33%
Mkxsgte Germany
33%
Rcjuh Italy
33%
Yzwprjsnxyfs Turkmenistan
33%
Mkxknk Canada
22%
Rhghrozahu Kazakhstan
22%
Spaobhuph Lithuania
22%
No matching quizzes found
Score Distribution
Percent of People with Each Score
Percentile by Number Answered
Your Score History
You have not taken this quiz